000 00570nam a2200217Ia 4500
003 OSt
005 20230517172022.0
008 210423s2014 xx 000 0 und d
020 _a978-93-5030-187-6
040 _cAL
041 _aeng
082 _a630
_223
_bSINE
100 _aSINGH (P)
_9107439
245 _aEncyclopaedia of food and agriculture
260 _aNew Delhi
_bOxford University Press
_c2014
300 _aviii,276
_bHB
365 _b1995
_cINR
650 _aAgriculture
_9107440
906 _aagriculture ; Encyclopaedia ; food
942 _2ddc
_cBK
999 _c166689
_d166689